000 00595nam a2200193Ia 4500
003 GCL
008 140319s9999 xx 000 0 eng d
040 _aGCL /
_cGCL
082 0 4 _a745.592
_bE T
100 1 _aEKKEHARD BARTSCH GERMAN DESIGN COUNCIL
245 1 0 _aTOY WORKSHOP: TOYS YOU CAN MAKE YOURSELF FOR HANDICAPPED AND NON HANDICAPPED CHILDREN /
_cEKKEHARD BARTSCH GERMAN DESIGN COUNCIL
260 _a[S.N] :
_bEKKEHARD BARTSCH & GERMAN DESIGN COUNCIL ،
_c1992
300 _a178 P
650 0 4 _aHANDCRAFT
650 0 4 _aARTS
650 0 4 _aDESIGN
650 0 4 _aTOYS
942 _2ddc
_cBK
999 _c20885
_d20885